[Event "CUB-ch U18"]
[Site "San Nicolas de Bari"]
[Date "2018.06.17"]
[Round "7"]
[White "Gonzalez Ramos, Eduardo"]
[Black "Medina Diaz, Rafael Alejandro"]
[Result "1/2-1/2"]
[WhiteElo "2188"]
[BlackElo "2324"]
[PlyCount "96"]
[EventDate "2018.06.13"]
[EventType "swiss"]
[EventRounds "9"]
[EventCountry "CUB"]
[SourceTitle "EXT 2021"]
[Source "ChessBase"]
[SourceDate "2020.10.23"]
[SourceVersion "1"]
[SourceVersionDate "2020.10.23"]
[SourceQuality "1"]

1. Nf3 d5 2. d4 c6 3. Bf4 Qb6 4. Qc1 Bf5 5. Nbd2 Nf6 6. c3 e6 7. e3 c5 8. Be2 Nc6 9. Ne5 Be7 10. 0-0 h6 11. Bd3 Bxd3 12. Nxd3 cxd4 13. exd4 0-0 14. Nf3 Rfd8 15. Nfe5 Nxe5 16. Bxe5 Nd7 17. Qf4 Rac8 18. Qg3 Nxe5 19. Qxe5 Qc7 20. Qh5 Bf8 21. f4 g6 22. Qf3 h5 23. Rae1 b5 24. a3 a5 25. Ne5 b4 26. axb4 axb4 27. Re3 bxc3 28. bxc3 Bg7 29. g4 hxg4 30. Qxg4 Rd6 31. Rg3 Qa7 32. Kg2 Qa2+ 33. Rf2 Qb1 34. h4 Qe4+ 35. Kh2 Bxe5 36. fxe5 Qxg4 37. Rxg4 Rdc6 38. h5 Kg7 39. hxg6 Rh8+ 40. Kg2 fxg6 41. Rf6 Rh6 42. Rg3 Ra6 43. Kf3 Kh7 44. Ke3 Rc6 45. Kf4 Rh4+ 46. Kg5 Rh5+ 47. Kf4 Rh4+ 48. Kg5 Rh5+ 1/2-1/2

[Event "CUB-ch U18"]
[Site "San Nicolas de Bari"]
[Date "2018.06.17"]
[Round "8"]
[White "Saiz Rodriguez, Daniel Evelio"]
[Black "Gonzalez Ramos, Eduardo"]
[Result "1-0"]
[WhiteElo "2241"]
[BlackElo "2188"]
[PlyCount "115"]
[EventDate "2018.06.13"]
[EventType "swiss"]
[EventRounds "9"]
[EventCountry "CUB"]
[SourceTitle "EXT 2021"]
[Source "ChessBase"]
[SourceDate "2020.10.23"]
[SourceVersion "1"]
[SourceVersionDate "2020.10.23"]
[SourceQuality "1"]

1. e4 b6 2. d4 Bb7 3. Nc3 Nf6 4. e5 Nd5 5. Nxd5 Bxd5 6. Nf3 e6 7. Bd3 f5 8. Bf4 Nc6 9. Be2 Be7 10. h4 Qc8 11. c4 Be4 12. 0-0 Nd8 13. Bg5 Bxg5 14. Nxg5 Bb7 15. d5 0-0 16. f4 h6 17. Nf3 c6 18. dxe6 Nxe6 19. Nd4 c5 20. Nb5 Qd8 21. Qe1 Bc6 22. Nd6 Nd4 23. Bd3 Qe7 24. Qf2 h5 25. b4 Rab8 26. b5 Ba8 27. a4 Qe6 28. Rfe1 Nb3 29. Ra3 Na5 30. Be2 g6 31. Rd1 Kh7 32. Qg3 Rg8 33. Qg5 Rg7 34. Rg3 Qe7 35. Rdd3 Rf8 36. Qxe7 Rxe7 37. Rg5 Re6 38. Rdg3 Be4 39. Kf2 Rxd6 40. exd6 Rf6 41. Bxh5 gxh5 42. Rg7+ Kh6 43. Rxd7 Nxc4 44. Rd8 Kh7 45. d7 Rd6 46. Rg5 Na5 47. Rxh5+ Kg6 48. Rhh8 Nb7 49. Rdg8+ Kf7 50. d8Q Nxd8 51. Rxd8 Rg6 52. g3 Bc2 53. Rd7+ Ke6 54. Rxa7 c4 55. h5 Rf6 56. h6 Rf7 57. Rxf7 Kxf7 58. Ra8 1-0

[Event "CUB-ch U18"]
[Site "San Nicolas de Bari"]
[Date "2018.06.14"]
[Round "3"]
[White "Ramos Silvera, Roberto Alejandro"]
[Black "Gonzalez Ramos, Eduardo"]
[Result "1-0"]
[WhiteElo "2046"]
[BlackElo "2188"]
[PlyCount "115"]
[EventDate "2018.06.13"]
[EventType "swiss"]
[EventRounds "9"]
[EventCountry "CUB"]
[SourceTitle "EXT 2021"]
[Source "ChessBase"]
[SourceDate "2020.10.23"]
[SourceVersion "1"]
[SourceVersionDate "2020.10.23"]
[SourceQuality "1"]

1. e4 c5 2. Nf3 e6 3. d4 cxd4 4. Nxd4 Nf6 5. Nc3 Nc6 6. Ndb5 Bb4 7. a3 Bxc3+ 8. Nxc3 d5 9. exd5 exd5 10. Bd3 0-0 11. 0-0 Bg4 12. f3 Qb6+ 13. Kh1 Be6 14. Bg5 Nd7 15. Qd2 Nde5 16. f4 Nxd3 17. Qxd3 d4 18. Ne2 Qc5 19. b4 Qd5 20. f5 f6 21. Bxf6 Bd7 22. c4 Qd6 23. Bxd4 Rae8 24. Rad1 Nxd4 25. Qxd4 Qxd4 26. Nxd4 Re4 27. Kg1 Ba4 28. Rfe1 Rf4 29. g3 Rg4 30. Rd2 Rd8 31. Nf3 Rxd2 32. Nxd2 Rd4 33. Re2 Bd1 34. Rf2 Rd3 35. Ne4 Rxa3 36. Rd2 Bg4 37. Ng5 Kf8 38. Rd7 Ke8 39. Rxg7 h6 40. Ne4 Bh3 41. Kf2 Ra2+ 42. Ke3 Kf8 43. f6 Ra1 44. Rh7 Bf5 45. Rh8+ Kf7 46. Nd6+ Kxf6 47. Rxh6+ Bg6 48. Nxb7 Rd1 49. c5 Rb1 50. c6 Rxb4 51. c7 Re4+ 52. Kf3 Rc4 53. Nd6 Rc3+ 54. Kf4 Kg7 55. Rxg6+ Kxg6 56. c8Q Rxc8 57. Nxc8 a5 58. Nb6 1-0

[Event "Capablanca Memorial op-B 48th"]
[Site "Havana"]
[Date "2013.04.29"]
[Round "8"]
[White "Dominguez Dager, Bessie"]
[Black "Gonzalez Ramos, Eduardo"]
[Result "0-1"]
[WhiteElo "1896"]
[BlackElo "2048"]
[PlyCount "48"]
[EventDate "2013.04.21"]
[EventType "swiss"]
[EventRounds "9"]
[EventCountry "CUB"]
[SourceTitle "CBM 154 Extra"]
[Source "ChessBase"]
[SourceDate "2013.06.25"]
[SourceVersion "2"]
[SourceVersionDate "2013.06.25"]
[SourceQuality "1"]

1. e4 c5 2. Nf3 e6 3. c3 d5 4. exd5 exd5 5. d4 c4 6. g3 Bd6 7. Bg2 Ne7 8. 0-0 Nbc6 9. Re1 0-0 10. Nbd2 Qc7 11. Nf1 Bf5 12. Ne3 Be4 13. Nd2 Bxg2 14. Kxg2 f5 15. Qf3 f4 16. Nxd5 Qd7 17. Nxe7+ Nxe7 18. Qe2 Qc6+ 19. Qe4 Nd5 20. Nxc4 Rae8 21. Ne5 Bxe5 22. dxe5 Rxe5 23. Qxe5 Ne3+ 24. Kh3 Qh6+ 0-1